Preserving our written heritage - FMC's mass paper preservation system

Bibliographic Details
Main Author: Wedinger, Robert S. (Author)
Format: Article
Language:English
Online Access:http://www.viks.sk/chk/SEC_223_227.doc

MARC

LEADER 00000nab a2200000 a 4500
001 vtls008638549
003 SK-MaSNL
005 20260303072152.0
008 041124 1991 xo 000 0 eng
035 |a (KIS3G)CLAS02vtls000012267 
040 |a SNKORKD  |b slo  |c SNKORKD  |e AACR2 
041 0 |b fre 
044 |a xo  |c SK 
100 1 |a Wedinger, Robert S.  |4 aut  |9 1071404 
245 1 0 |a Preserving our written heritage - FMC's mass paper preservation system 
520 3 |a Summaries. FMC Corporation has developed a process which can efficiently deacidify and strengthen millions of books and other historic hand-written documents to keep them from eventually disintegrating into dust. The process was designed so that materials can be taken directly off the shelf put in sealed containers, treated in large quantities and returned to the library all without being touched by human hands. The entire process is non-toxic and environmentally safe. Independent laboratory results for a number of paper types have been obtained for a broad spectrum of both physical and chemical analyses. These results confirm the capability of the process. Additionally, the uniformity of treatment has been demonstrated by Scanning Electron Microscope. 
773 |t Sauvegarde et conservation des photographies, dessins, imprimes et manuscrits  |d Paris: Association pour la recherche scientifique sur les arts graphiques, 1991, s. 223-227 
856 4 |u http://www.viks.sk/chk/SEC_223_227.doc 
910 |a schk 
910 |a memoriask 
999 |c 1762613  |d 1764543